Ako predísť diskriminácii žien na Slovensku

Pokračovanie článku z predchádzajúceho čísla o tom, ako zabrániť diskriminácii žien na Slovensku. Skúsenosti žien na vrcholových a riadiacich pozíciách.

Na minha lista:
Detalhes bibliográficos
Autor principal: Ulčin, Peter
Formato: Capítulo de Livro
Idioma:eslovaco
Assuntos:
Tags: Adicionar Tag
Sem tags, seja o primeiro a adicionar uma tag!

MARC

LEADER 00000naa a2200000 4500
001 0224301
005 20230912114848.3
041 0 |a slo 
044 |a SK 
245 1 0 |a Ako predísť diskriminácii žien na Slovensku  |c Peter Ulčin 
520 |a Pokračovanie článku z predchádzajúceho čísla o tom, ako zabrániť diskriminácii žien na Slovensku. Skúsenosti žien na vrcholových a riadiacich pozíciách. 
610 2 0 |a manažment 
610 2 0 |a manažéri 
610 2 0 |a lídri 
610 2 0 |a riadenie vrcholové 
610 2 0 |a metódy riadenia 
610 2 0 |a vzťahy genderové 
610 2 0 |a zamestnávatelia 
610 2 0 |a diskriminácia 
610 2 0 |a ženy 
100 1 |a Ulčin, Peter